Marché, spéculation, stabilisation / (Record no. 13394)

000 -LEADER
fixed length control field 00408cam a2200157 a 4500
020 ## - INTERNATIONAL STANDARD BOOK NUMBER
ISBN 2717808507 :
040 ## - CATALOGING SOURCE
Transcribing agency DLC
082 00 - DEWEY DECIMAL CLASSIFICATION NUMBER
Classification number 332 ECO 1985 A014 Or.
100 1# - MAIN ENTRY--AUTHOR NAME
Personal name Badillo, Dominique.
245 10 - TITLE STATEMENT
Title Marché, spéculation, stabilisation /
260 ## - PUBLICATION, DISTRIBUTION, ETC. (IMPRINT)
Place of publication Paris :
Name of publisher Economica,
Year of publication c1985.
300 ## - PHYSICAL DESCRIPTION
Number of Pages 318 p. :
Other physical details ill. ;
Dimensions 24 cm.
650 #0 - SUBJECT ADDED ENTRY--TOPICAL TERM
Topical Term Commodity control.
700 1# - ADDED ENTRY--PERSONAL NAME
Personal name Daloz, Jean-Pierre.
942 ## - ADDED ENTRY ELEMENTS (KOHA)
Koha item type សៀវភៅភាសាអង់គ្លេស
952 ## - LOCATION AND ITEM INFORMATION (KOHA)
Withdrawn status [LOCAL, KOHA] 0
Holdings
Permanent Location Date acquired Koha item type Lost status Shelving location Barcode Current Location Full call number
Library Block A2017-08-25សៀវភៅភាសាអង់គ្លេស A014A19947Library Block A332 ECO 1985 A014 Or.
មជ្ឈមណ្ឌលឯការនៃសាកលវិទ្យាល័យភូមិន្ទកសិកម្មចំការដូង

Powered by Koha